[Event "IND-chB 48th"]
[Site "Bhiwani"]
[Date "2010.09.17"]
[Round "3"]
[White "Vinothkumar, M."]
[Black "Sharma, Dinesh Kumar"]
[Result "0-1"]
[WhiteElo "2200"]
[BlackElo "2365"]
[PlyCount "138"]
[EventDate "2010.09.16"]
[EventType "swiss"]
[EventRounds "13"]
[EventCountry "IND"]
[SourceTitle "CBM 138 Extra"]
[Source "ChessBase"]
[SourceDate "2010.10.29"]
[SourceVersion "1"]
[SourceVersionDate "2010.10.29"]
[SourceQuality "1"]

1. e4 c5 2. d3 d6 3. g3 g6 4. Bg2 Bg7 5. Nh3 Nc6 6. f4 Nf6 7. Nf2 Rb8 8. c3 0-0 9. 0-0 Nd7 10. g4 b5 11. g5 b4 12. c4 Nd4 13. Nd2 e6 14. Nf3 f5 15. gxf6 Nxf6 16. Nxd4 cxd4 17. Nh1 e5 18. f5 Rf7 19. Ng3 Qf8 20. Bg5 Nd7 21. Qd2 Nc5 22. fxg6 hxg6 23. Rxf7 Qxf7 24. Rf1 Qe8 25. h4 Bg4 26. Bf3 Qd7 27. Kh2 Rf8 28. Bg2 Rxf1 29. Bxf1 a5 30. Nh1 Qf7 31. Nf2 Bc8 32. Kg3 Bf6 33. Be2 Bxg5 34. hxg5 Kg7 35. Bd1 Bd7 36. Be2 Kf8 37. Bf1 Ke7 38. Be2 Na4 39. Nd1 Qf8 40. Bf3 Nc5 41. Nf2 a4 42. Kg2 a3 43. bxa3 bxa3 44. Qc1 Ba4 45. Qxa3 Qf4 46. Qb2 Qxg5+ 47. Kf1 Bd7 48. Qe2 Qg3 49. Bg2 Na4 50. Qf3 Qxf3 51. Bxf3 Nc3 52. a3 Nb1 53. Kg2 Nxa3 54. Kg3 Nc2 55. Kh4 Kf6 56. Be2 Ne3 57. Kg3 Kg5 58. Bf3 Nf1+ 59. Kg2 Kf4 60. Be2 Ne3+ 61. Kg1 Kg3 62. Nh1+ Kh4 63. Nf2 Bg4 64. Nxg4 Nxg4 65. Kg2 Ne3+ 66. Kh2 g5 67. Bf3 g4 68. Be2 g3+ 69. Kg1 Kg5 0-1